| 000 | 00991nas a2200325 4500 | ||
|---|---|---|---|
| 001 | BR2012003684 | ||
| 003 | BR-BrBNA | ||
| 005 | 20231205120601.0 | ||
| 007 | ta | ||
| 008 | 230509b bl.|||p| |||| 00| 00por d | ||
| 040 |
_aBR-BrBNA _bpor _cBiblioteca Nacional de Agricultura |
||
| 041 | _a(Pt) | ||
| 072 | _aQ02; Q04 | ||
| 100 | 1 | _aHiguchi, L.H. | |
| 100 | 1 | _aDallagnol, J.M. | |
| 100 | 1 | _aBoscolo, W.R. | |
| 100 | 1 | _aFeiden, A. | |
| 100 | 1 | _aSimões, M.R. | |
| 100 | 1 | _aMaluf, M.L.F. | |
| 100 | 1 | _aFariña, L.O. de | |
| 245 | 1 | _aDesenvolvimento de almôndega e quibe de pescado, como alternativa para merenda escolar em Itaipulândia, PR | |
| 650 | _aPACU | ||
| 650 | _aESCOLA | ||
| 650 | _aMICROBIOLOGIA DE ALIMENTO | ||
| 650 | _aSALMONELLA | ||
| 650 | _aANÁLISE ORGANOLÉPTICA | ||
| 773 | 0 |
_tHigiene Alimentar (Brazil) _xISSN 0101-9171 _g(Jan-Feb 2012), v. 26(204-205) p. 110-115 _wBR2012003684 |
|
| 909 |
_a202311 _bLúcia _c55 _dLúcia Elande |
||
| 942 |
_2AGRIS _n0 _cANA |
||
| 999 |
_c219256 _d219256 |
||